000 00386pab a2200157 454500
008 180718b2001 xxu||||| |||| 00| 0 eng d
100 _aBleaney, Michael
245 _aExchange rate regimes and inflation persistence
260 _c2001
300 _ap.387-402
650 _aPrices
650 _aInflation
650 _aExchange rates
773 _aIMF Staff Papers
909 _a50699
999 _c50699
_d50699